Culture and leadership

Na minha lista:
Detalhes bibliográficos
Autor principal: Antalová, Mária, 1952-
Autor Corporativo: Národohospodárska fakulta EU. Katedra sociálneho rozvoja a práce
Formato: Livro
Idioma:inglês
Publicado em: Bratislava Katedra sociálneho rozvoja a práce NHF EU 2005
Assuntos:
Tags: Adicionar Tag
Sem tags, seja o primeiro a adicionar uma tag!

MARC

LEADER 00000nam$a2200000$$$4500
001 0061184
005 20240502071701.9
020 |a 80-225-2173-6 
041 0 |a eng 
044 |a SK 
245 1 0 |a Culture and leadership  |c Mária Antalová 
264 1 |a Bratislava  |b Katedra sociálneho rozvoja a práce NHF EU  |c 2005 
300 |a Nestr. 
610 2 0 |a riadenie ľudských zdrojov 
610 2 0 |a kultúra procesu pracovného 
610 2 0 |a vedenie ľudí 
100 1 |a Antalová, Mária, 1952- 
710 2 |a Národohospodárska fakulta EU. Katedra sociálneho rozvoja a práce